|
|
|
|
| LEADER |
01488nam a2200385Ia 4500 |
| 001 |
EBC165350 |
| 003 |
MiAaPQ |
| 005 |
20200520144314.0 |
| 006 |
m o d | |
| 007 |
cr cn||||||||| |
| 008 |
981228s1999 enkab sb 001 0 eng d |
| 010 |
|
|
|z 98055762
|
| 020 |
|
|
|z 0203023684
|
| 020 |
|
|
|z 0415171997 (hc.)
|
| 020 |
|
|
|z 0415172004 (pbk.)
|
| 035 |
|
|
|a (MiAaPQ)EBC165350
|
| 035 |
|
|
|a (Au-PeEL)EBL165350
|
| 035 |
|
|
|a (CaPaEBR)ebr10054627
|
| 035 |
|
|
|a (CaONFJC)MIL33368
|
| 035 |
|
|
|a (OCoLC)560047655
|
| 040 |
|
|
|a MiAaPQ
|c MiAaPQ
|d MiAaPQ
|
| 050 |
|
4 |
|a HF1531.Z4
|b E184 1999
|
| 082 |
0 |
4 |
|a 337.405
|2 21
|
| 100 |
1 |
|
|a Dent, Christopher M.,
|d 1965-
|
| 245 |
1 |
4 |
|a The European Union and East Asia
|h [electronic resource] :
|b an economic relationship /
|c Christopher M. Dent.
|
| 260 |
|
|
|a London :
|a New York :
|b Routledge,
|c 1999.
|
| 300 |
|
|
|a xvii, 316 p. :
|b ill., maps.
|
| 504 |
|
|
|a Includes bibliographical references (p. [287]-307) and index.
|
| 533 |
|
|
|a Electronic reproduction. Ann Arbor, MI : ProQuest, 2015. Available via World Wide Web. Access may be limited to ProQuest affiliated libraries.
|
| 650 |
|
0 |
|a International relations.
|
| 651 |
|
0 |
|a European Union countries
|x Foreign economic relations
|z East Asia.
|
| 651 |
|
0 |
|a East Asia
|x Foreign economic relations
|z European Union countries.
|
| 655 |
|
4 |
|a Electronic books.
|
| 710 |
2 |
|
|a ProQuest (Firm)
|
| 856 |
4 |
0 |
|u https://ebookcentral.proquest.com/lib/matrademy/detail.action?docID=165350
|z Click to View
|